Представление документа в формате RUSMARC

ПолеНазваниеЗначение
  Тип записи a
  Библиографический уровень c
001 Контрольный номер RU/SLIB/B/208767119
005 Дата корректировки 20241022152640.7
010 Индекс ISBN __
d Цена 40-00; 23-00
101 Язык документа 0_
a Язык текста rus
c Язык оригинала rus
200 Заглавие и сведения об ответственности 1_
a Заглавие Избранные произведения
e Сведения, относящиеся к заглавию в 5 т.
f Первые сведения об ответственности В. А. Сухомлинский
b Общее обозначение материала Текст
h Номер части Т. 3
i Наименование части Сердце отдаю детям
i Наименование части Рождение гражданина
i Наименование части Письма к сыну
210 Выходные данные 1_
a Место издания Киев
c Издательство Радян. шк.
d Дата издания 1980
215 Физическое описание __
a Объем 720 с.
320 Библиография __
a Библиография Примеч.: с. 711-717
330 Аннотация __
a Аннотация В книге автор ставит актуальные вопросы воспитания детей, подростков и юношества.
606 Тематические рубрики __
a Основная рубрика Образование. Педагогика
y Географическая подрубрика Россия
606 Тематические рубрики __
a Основная рубрика История образования
610 Ключевые слова 0_
a Ключевые слова умственное воспитание; нравственность; граждане; мораль; эмоциональное воспитание; эстетическое воспитание; уроки; мировоззрение; творчество; интеллектуальное развитие; школа радости; начальная школа; духовность; отрочество; детство; дисциплина; самодисциплина; ответственность; коллективы; подростки; психическая культура; учебно-воспитательная работа; принципы воспитания; педагоги; юность; музыка; живопись; личность; физическая культура; труд; досуг; праздники; воспитание; история; персоналии; педагогика; школы; советская педагогика
686 Индексы других классификаций __
a Классификационный индекс 74.03(2)6
700 Автор _1
a Фамилия Сухомлинский
b Имя В. А.
4 Код отношения 070
801 Источник записи _0
a Страна RU
b Организация Муниципальное бюджетное учреждение культуры "Централизованная библиотечная система" г. Сургут (Центральная городская библиотека им. А. С. Пушкина)
g Правила каталогизации КиК/Поспелова; ОБ/Бутенко
801 Источник записи _1
a Страна RU
b Организация Муниципальное бюджетное учреждение культуры "Централизованная библиотечная система" г. Сургут (Центральная городская библиотека им. А. С. Пушкина)
g Правила каталогизации КиК/Поспелова; ОБ/Бутенко
852 Данные о местонахождении __
j Шифр хранения 74.03(2)6
c Каталожный индекс 74.03(2)
i Авторский знак С 91
p Инвентарный номер 04070779; 75220
901 Тип документа __
t Тип документа x
903 Характеристики (МАРС) __
a Дата передачи 20040722; 20000220
969 Тип издания __
a Тип издания сборник
990 Данные о заказе (DOS) 00
j Количество экземпляров (DOS) 1; 2
t N записи в КСУ для И/У (DOS) 200407; 200001